00731nam a2200241 a 4500001001300000003000900013005001700022008004100039020001000080082001700090100003100107245003800138260003600176300000900212500003500221505003700256650002100293650002500314902000800339942000700347952011800354999001700472nice12345678IN_TiNIC20260116013511.0050524s1995 dela grp 000 0 eng  ac35000a954.025bJAH aJahangir, Nooruddin Saleem aMemoirs of the Emperor Jahangueir aDelhibMittal Publicationc1995 a247p aincludes index and biblioraphy2 aReprint. Originally Pub. in 1904 aJahangir-Memoirs aIndia-History Mughal bSRS cBK 001040708StackRoom-aHMIbHMId2007-04-04g350.00l0o954.025 JAHp016394r2007-04-04v350.00w2005-05-24yBK c11227d11227